| 000 | 00617nam a2200217 i 4500 | ||
|---|---|---|---|
| 001 | bg | ||
| 245 | 0 | 0 |
_aStress intensity factors handbook. Vol.1 / _ced. Y. Murakami. |
| 250 | _aRepr. with correct. | ||
| 260 |
_aOxford [etc.] : _bPergamon Press, _c1988. |
||
| 300 |
_aXLIX, 640, 8 s. : _brys., wykr. ; _c30 cm. |
||
| 650 | 9 | _aNaprężenia i odkształcenia | |
| 655 | _aPoradniki | ||
| 700 | 1 |
_aMURAKAMI, Yukitaka _d(1943- ). _eRed. |
|
| 020 | _a0080348092 | ||
| 040 | _cBPK | ||
| 041 | 0 | _aen | |
| 080 | _a539.3/.6(03) | ||
| 920 | _a0-08-034809-2 | ||
| 942 | _cKS | ||
| 008 | s pl f |000 0 pol | ||
| 999 |
_c35841 _d35841 |
||
| 856 |
_uhttp://koha.tu.koszalin.pl/cgi-bin/koha/opac-detail.pl?biblionumber=35841 _yKatalog online BPK |
||